000 02366nam0a2200397 4500
001 RU\NLR\BIBL_A\016356982
005 20250625053610.0
010 _a978-5-9710-5964-6
021 _aRU
_b2023-20013
_9КН-П-1985
035 _a(RuMoRGB)011683243
035 _a(NLR Aleph) 016356982
090 _a13138960
_c13138960
100 _a20230426d2023 |||y0rusy50 ca
101 1 _arus
_ceng
102 _aRU
105 _aa z 000zy
181 0 _ai3
_baxxe
182 0 _an
200 1 _aИнтегральное исчисление
_dIntegral calculus
_fГ. Филипс
_gперевод с английского и дополнения В. Ф. Кагана
_zeng
203 _aТекст
_bвизуальный
_cнепосредственный
205 _aИзд. стер. по изд. 1932 г.
210 _aМосква
_cURSS
_cЛЕНАНД
_d2023
215 _a441 с.
_cил.
_d22
225 1 _aФизико-математическое наследие: математика (математический анализ)
300 _aАвт. также англ.: Henry B. Phillips
330 _aВ книге рассмотрен широкий круг понятий и определений, относящихся к интегральному исчислению, а также дается большое количество примеров и задач, помогающих закрепить усвоенный материал. Книга рекомендуется студентам естественно-научных, экономических, технических специальностей, преподавателям, аспирантам, научным работникам
510 1 _6z11790
_aIntegral calculus
_zeng
606 1 _aИнтегральное исчисление
_jУчебные издания для высших учебных заведений
_xЗадачи
_xРешение
_92045123
_3RU\NLR\AUTH\661227122
675 _a517.3
_v4
686 1 _aВ161.22я73-41
700 1 _7ca
_8rus
_aФиллипс
_bГ.
_cматематик
_f1881-1973
_gГенри
_9229251
_3RU\NLR\AUTH\770229307
790 1 _7ba
_8eng
_aPhillips
_bH. B.
_cматематик
_f1881-1973
_gHenry Bayard
_9229252
_3RU\NLR\AUTH\770229308
942 _cBOOK
980 _aNB